Dopravní systém a podmínky jeho fungování v nové ekonomice

Charakteristika ekonomiky dopravy a dopravného systému. Predpoklady vývoja ponuky a dopytu po preprave. Prepravné služby ako faktor rozvoja spoločnosti a podnikov. Špecifikácia nevyhnutnej úrovne prepravných služieb v spoločnosti. Doprava založená na harmonizovaných podmienkach dopravného podnikania...

Ausführliche Beschreibung

Gespeichert in:
Bibliographische Detailangaben
1. Verfasser: Eisler, Jan
Format: Buchkapitel
Sprache:Tschechisch
Schlagworte:
Tags: Tag hinzufügen
Keine Tags, Fügen Sie das erste Tag hinzu!

MARC

LEADER 00000nla$a2200000$$$4500
001 0105143
005 20231121095035.1
041 0 |a cze 
044 |a CZ 
245 1 0 |a Dopravní systém a podmínky jeho fungování v nové ekonomice  |c Jan Eisler 
520 |a Charakteristika ekonomiky dopravy a dopravného systému. Predpoklady vývoja ponuky a dopytu po preprave. Prepravné služby ako faktor rozvoja spoločnosti a podnikov. Špecifikácia nevyhnutnej úrovne prepravných služieb v spoločnosti. Doprava založená na harmonizovaných podmienkach dopravného podnikania. Rozvoj dopravných ciest a zdroje ich financovania. 
610 2 0 |a financovanie 
610 2 0 |a služby dopravné 
610 2 0 |a infraštruktúra 
610 2 0 |a politika dopravná 
610 2 0 |a doprava 
100 1 |a Eisler, Jan